Intravenous medications : (Record no. 120711)

MARC details
000 -LEADER
fixed length control field 01172nam a2200349 a 4500
008 - FIXED-LENGTH DATA ELEMENTS--GENERAL INFORMATION
fixed length control field
020 ## - INTERNATIONAL STANDARD BOOK NUMBER
International Standard Book Number 9780323297400 (paperback)
040 ## - CATALOGING SOURCE
Original cataloging agency NUST
Transcribing agency NUST
049 ## - LOCAL HOLDINGS (OCLC)
Holding library MAIN
090 ## - LOCALLY ASSIGNED LC-TYPE CALL NUMBER (OCLC); LOCAL CALL NUMBER (RLIN)
Classification number (OCLC) (R) ; Classification number, CALL (RLIN) (NR) REF RM170
Local cutter number (OCLC) ; Book number/undivided call number, CALL (RLIN) GAH
003 - CONTROL NUMBER IDENTIFIER
control field
005 - DATE AND TIME OF LATEST TRANSACTION
control field 20230120204310.0
100 1# - MAIN ENTRY--PERSONAL NAME
Personal name Gahart, Betty L
Relator term author.
245 10 - TITLE STATEMENT
Title Intravenous medications :
Remainder of title a handbook for nurses and health professionals/
Statement of responsibility, etc. Betty L Gahart ; Adrienne R Nazareno and Meghan Q Ortega.
250 ## - EDITION STATEMENT
Edition statement Thirty - fourth edition.
260 ## - PUBLICATION, DISTRIBUTION, ETC.
Place of publication, distribution, etc. St Louis, Missouri :
Name of publisher, distributor, etc. Elsevier ,
Date of publication, distribution, etc. 2018.
300 ## - PHYSICAL DESCRIPTION
Extent xxii, 1416 pages :
Other physical details illustrations ;
Dimensions 23 cm.
336 ## - CONTENT TYPE
Content type term text
Content type code txt
Source rdacontent
337 ## - MEDIA TYPE
Media type term unmediated
Source rdamedia
338 ## - CARRIER TYPE
Carrier type term volume
Source rdacarrier
500 ## - GENERAL NOTE
General note Includes index.
650 #1 - SUBJECT ADDED ENTRY--TOPICAL TERM
Topical term or geographic name entry element Intravenous therapy
Form subdivision Handbook, manuals, etc.
650 ## - SUBJECT ADDED ENTRY--TOPICAL TERM
Topical term or geographic name entry element Nursing.
650 ## - SUBJECT ADDED ENTRY--TOPICAL TERM
Topical term or geographic name entry element Allied Health Personnel.
650 ## - SUBJECT ADDED ENTRY--TOPICAL TERM
Topical term or geographic name entry element Infusions, Intravenous.
650 ## - SUBJECT ADDED ENTRY--TOPICAL TERM
Topical term or geographic name entry element Injections, Intravenous.
650 ## - SUBJECT ADDED ENTRY--TOPICAL TERM
Topical term or geographic name entry element Nurses.
700 ## - ADDED ENTRY--PERSONAL NAME
Personal name Nazareno, Adrienne R
Relator term author.
700 ## - ADDED ENTRY--PERSONAL NAME
Personal name Ortega, Meghan Q
Relator term author.
907 ## - LOCAL DATA ELEMENT G, LDG (RLIN)
a .b1040031x
b 01-07-21
c 30-03-21
942 ## - ADDED ENTRY ELEMENTS (KOHA)
Koha item type Ordinary Loan Books
Call number prefix REF RM170
Call number suffix GAH
Holdings
Date last seen Total Checkouts Full call number Barcode Cost, replacement price Price effective from Koha item type Lost status Source of classification or shelving scheme Damaged status Not for loan Collection Withdrawn status Home library Current library Shelving location Date acquired Cost, normal purchase price
01/20/2023   REF RM170 GAH 92004048928 80.00 01/20/2023 BOOKS   LCC     NFIC   Medical Medical GEN 01/20/2023 80.00